Manon / (Record no. 137385)

MARC details
000 -CABECERA
campo de control de longitud fija 02285ngm a2200469 i 4500
001 - NÚMERO DE CONTROL
campo de control 991061312101906706
003 - IDENTIFICADOR DEL NÚMERO DE CONTROL
campo de control ES-BaIT
005 - FECHA Y HORA DE LA ÚLTIMA TRANSACCIÓN
campo de control 20260416152211.0
008 - DATOS DE LONGITUD FIJA--INFORMACIÓN GENERAL
campo de control de longitud fija 250408s2009 xxk||| |-|||||q|| vleng|c
024 4# - IDENTIFICADOR DE OTROS ESTÁNDARES
Número estándar o código 044007433461
028 40 - NÚMERO DE EDITOR O DISTRIBUIDOR
Número de editor o de distribuidor 074 3346
Fuente DX2
080 ## - NÚMERO DE LA CLASIFICACIÓN DECIMAL UNIVERSAL
Número de la Clasificación Decimal Universal 793.4(086.8)
130 0# - ENTRADA PRINCIPAL--TÍTULO UNIFORME
Título uniforme Manon (Coreografia : MacMillan)
9 (RLIN) 146287
245 00 - MENCIÓN DE TÍTULO
Título Manon /
Mención de responsabilidad, etc. The Royal Ballet ; Tamara Rojo, Carlos Acosta ; music by Jules Massenet ; The Orchestra of the Royal Opera House conductor Martin Yates; orchestred and arranged by Leighton Lucas with the collaboration of Hilda Gaunt ; coreography Kenneth MacMillan : director for screen Ross MacGibbon
264 #1 - PRODUCCIÓN, PUBLICACIÓN, DISTRIBUCIÓN, FABRICACIÓN Y COPYRIGHT
Producción, publicación, distribución, fabricación y copyright London :
Nombre del de productor, editor, distribuidor, fabricante Decca Music Group Limited,
Fecha de producción, publicación, distribución, fabricación o copyright 2009
264 #4 - PRODUCCIÓN, PUBLICACIÓN, DISTRIBUCIÓN, FABRICACIÓN Y COPYRIGHT
Fecha de producción, publicación, distribución, fabricación o copyright © 2008
300 ## - DESCRIPCIÓN FÍSICA
Extensión 2 videodiscs (117 min + 45 min bonus):
Otras características físicas color, so ;
Dimensiones 19 cm +
Material acompañante/anejo 1 llibret (32 pàgines)
336 ## - TIPO DE CONTENIDO
Término de tipo de contenido imatge en moviment bidimensional
Código de tipo de contenido tdi
Fuente rdacontent
337 ## - TIPO DE MEDIO
Nombre/término del tipo de medio vídeo
Código del tipo de medio v
Fuente rdamedia
338 ## - TIPO DE SOPORTE
Nombre/término del tipo de soporte videodisc
Código del tipo de soporte vd
Fuente rdacarrier
344 ## - CARACTERÍSTICAS DE SONIDO
Tipo de grabación digital
Medio de grabación òptic
Configuración de los canales de reproducción del sonido estèreo
Características especiales de reproducción Dolby digital 5.1
Fuente rda
346 ## - CARACTERÍSTICAS DE VÍDEO
Estándar de emisión NTSC
347 ## - CARACTERÍSTICAS DEL ARCHIVO DIGITAL
Tipo de archivo fitxer vídeo
Formato de codificación DVD vídeo
Codificación regional totes les regions
Fuente rda
500 ## - NOTA GENERAL
Nota general Format de pantalla (16:9)
505 8# - NOTA DE CONTENIDO CON FORMATO
Nota de contenido con formato Conté: DVD 1 Act 1 & Bonus Feature Dancing Manon : Interviews and rehearsal footage -- DVD 2 Acts 2 & 3
511 1# - NOTA DE PARTICIPANTES O INTÉRPRETES
Nota de participantes o intérpretes Ballarins: Tamara Rojo (Manon), Carlos Acosta (Des Grieux), José Martín (Lescaut), Christopher Saunders Monsieur G.M), Laura Morera (Lescaut's Mistress)
518 ## - NOTA DE FECHA/HORA Y LUGAR DE UN ACONTECIMIENTO
Nota de fecha/hora y lugar de un acontecimiento Enregistrat a la Royal Opera House, Covent Garden, del 24 d'octubre al 1 de novembre de 2008
546 ## - NOTA DE LENGUA/LENGUAJE
Nota de lengua/lenguaje Versió original, versions doblades, subtítols
650 #5 - PUNTO DE ACCESO ADICIONAL DE MATERIA--TÉRMINO DE MATERIA
Término de materia o nombre geográfico como elemento de entrada Dansa clàssica
Subdivisión general Coreografies
9 (RLIN) 56589
655 #4 - TÉRMINO DE INDIZACIÓN--GÉNERO/FORMA
Datos o término principal de género/forma Dansa filmada
9 (RLIN) 168293
700 1# - ENTRADA AGREGADA--NOMBRE PERSONAL
Nombre de persona Massenet, Jules,
Fechas asociadas al nombre 1842-1912
Término indicativo de función/relación compositor
9 (RLIN) 32583
700 1# - ENTRADA AGREGADA--NOMBRE PERSONAL
Nombre de persona Rojo, Tamara,
Fechas asociadas al nombre 1974-
Término indicativo de función/relación ballarí
9 (RLIN) 127738
700 1# - ENTRADA AGREGADA--NOMBRE PERSONAL
Nombre de persona Acosta, Carlos,
Fechas asociadas al nombre 1973-
Término indicativo de función/relación ballarí
9 (RLIN) 66649
700 1# - ENTRADA AGREGADA--NOMBRE PERSONAL
Nombre de persona MacGibbon, Ross
Término indicativo de función/relación director cinematogràfic
9 (RLIN) 30789
700 1# - ENTRADA AGREGADA--NOMBRE PERSONAL
Nombre de persona Yates, Martin
Término indicativo de función/relación director d'orquestra
9 (RLIN) 66012
700 1# - ENTRADA AGREGADA--NOMBRE PERSONAL
Nombre de persona MacMillan, Kenneth
Término indicativo de función/relación coreògraf
9 (RLIN) 93117
710 2# - ENTRADA AGREGADA--NOMBRE DE ENTIDAD CORPORATIVA
Nombre de entidad corporativa o nombre de jurisdicción como elemento de entrada Royal Opera House (Londres, Anglaterra).‏
Unidad subordinada Orchestra
Término indicativo de función/relación intèrpret
9 (RLIN) 162479
710 2# - ENTRADA AGREGADA--NOMBRE DE ENTIDAD CORPORATIVA
Nombre de entidad corporativa o nombre de jurisdicción como elemento de entrada Royal Ballet
9 (RLIN) 80778
Término indicativo de función/relación ballarí
908 ## - COLOCAR PARÁMETRO DE COMANDO (RLIN)
Colocar parámetro de comando CDMAE
940 ## - EQUIVALENCIA O REFERENCIA-CRUZADA--TÍTULO UNIFORME [OBSOLETO] [solamente CAN/MARC]
Título uniforme <a href="CDMAE">CDMAE</a>
942 ## - ELEMENTOS DE ENTRADA AGREGADA (KOHA)
Fuente del sistema de clasificación o colocación Clasificación decimal universal
Tipo de ítem Koha Vídeo
Holdings
Estado de retiro Estado de pérdida Fuente del sistema de clasificación o colocación Estado dañado No para préstamo Localización permanente Ubicación/localización actual Ubicación en estantería Fecha de adquisición Fuente de adquisición Total de préstamos Signatura topográfica completa Código de barras Fecha visto por última vez Precio válido a partir de Tipo de ítem Koha
    Clasificación decimal universal     Biblioteca Barcelona Biblioteca Barcelona BCN Vídeo 16/04/2026 Donatiu   V-DB MAN 1900089812 16/04/2026 16/04/2026 Vídeo

Powered by Koha